00801nam a2200229 a 4500001001000000003000900010005001700019007000300036008004100039020001700080040002500097082002800122100004200150245006500192250004600257260003800303300003600341500007300377500005700450500003400507504003000541000036993DO-SdBNP20240305131246.0ta120207s2011 dr ac 000 0 spa d a978994500491 aDO-SdBNPbspacBNPHU 4a972.93bG984m, 201122214aGutiérrez Félix, Euclides,d1936-14aLos magnicidios dominicanos /cEuclides Gutiérrez Félix. a2a ed. ampliada, actualizada y corregida  aSanto Domingo :bCorripio,c2011. a239 p. :bil., retrs. ;c23 cm. aIncluye referencias bibliográficas y notas al pie de las páginas aIncluye datos biográficos del autor en las solapas aIncluye índice onomástico aBibligrafía : p.227-231